000 00658nam a2200229Ia 4500
003 OSt
005 20220928113625.0
006 a|||||r|||| 00| 0
007 ta
008 220927b |||||||| |||| 00| 0 eng d
024 _a58299
037 _cTextual
040 _aSDCL
_cSDCL
_beng
041 _2eng
_aeng
082 _aV654'M9, L9
100 _aHirsfield Claire
_9434116
245 0 _aDiplomacy of partition
_b Britain,France and the creation of Nigeria,1890-1898
260 _aLondon
_bMartinus Nijhoff
_c1979
300 _avii,234p
_ccm.
942 _hV654'M9, L9
_cTEXL
_2CC
999 _c750499
_d750499